| 000 | 00539nam a22001817a 4500 | ||
|---|---|---|---|
| 005 | 20251108173311.0 | ||
| 008 | 250721s9999 xx 000 0 ara d | ||
| 082 | 1 | 4 | _aم/217.2/أزه |
| 100 | 1 | _aالأزهري، صالح عبد السميع الآبي | |
| 245 | 1 | 0 | _aجواهر الأكليل / |
| 264 | 1 |
_aبيروت : _bدار الفكر، _c(19-). |
|
| 300 | _a2مج | ||
| 650 | 1 | 7 | _aالفقه الاسلامي |
| 650 | 1 | 7 | _aفقه السنه |
| 650 | 1 | 7 | _aالمذهب المالكي |
| 942 |
_2ddc _cREF |
||
| 999 |
_c100706 _d100706 |
||